ঢাকার লোককাহিনী / (Record no. 25956)

MARC details
000 -LEADER
fixed length control field 00630nam a22001817a 4500
003 - CONTROL NUMBER IDENTIFIER
control field BDDh-ASL
005 - DATE AND TIME OF LATEST TRANSACTION
control field 20231015030559.0
008 - FIXED-LENGTH DATA ELEMENTS--GENERAL INFORMATION
fixed length control field 210921s19801965b ||||| |||| 00| 0 b d
040 ## - CATALOGING SOURCE
Transcribing agency BDDh-ASL
082 ## - DEWEY DECIMAL CLASSIFICATION NUMBER
Classification number 954.922
Item number DHA
245 00 - TITLE STATEMENT
Title ঢাকার লোককাহিনী /
246 ## - VARYING FORM OF TITLE
Title proper/short title Dhakar Lokkahini
260 ## - PUBLICATION, DISTRIBUTION, ETC.
Place of publication, distribution, etc. ঢাকা:
Name of publisher, distributor, etc. বাংলা একাডেমি,
Date of publication, distribution, etc. ১৯৮০।
-- ১৯৭২।
300 ## - PHYSICAL DESCRIPTION
Extent 144 p. :
-- ১৭৪ পৃষ্ঠা:
Dimensions 22 cm.
650 #0 - SUBJECT ADDED ENTRY--TOPICAL TERM
9 (RLIN) 2650
Topical term or geographic name entry element Folklore
Geographic subdivision Dhaka
700 1# - ADDED ENTRY--PERSONAL NAME
9 (RLIN) 340
Personal name মনিরুজ্জামান, মোহাম্মদ
942 ## - ADDED ENTRY ELEMENTS (KOHA)
Source of classification or shelving scheme Dewey Decimal Classification
Koha item type Books
Holdings
Withdrawn status Lost status Source of classification or shelving scheme Damaged status Not for loan Collection code Home library Current library Shelving location Date acquired Source of acquisition Total Checkouts Full call number Barcode Date last seen Copy number Price effective from Koha item type Public note
    Dewey Decimal Classification   Not For Loan Non-fiction Asiatic Society Library Asiatic Society Library General Stacks 09/21/2021 Banglapedia Reference Library   954.922 DHA 111789 09/21/2021 C-1 09/21/2021 Books RARE
    Dewey Decimal Classification   Not For Loan Non-fiction Asiatic Society Library Asiatic Society Library Dhaka Collection 05/26/2022 ASB Library Collection   954.922 DHA 116804 05/26/2022 C-2 05/26/2022 Books RARE

Powered by Koha